|
|
|
|
| LEADER |
00000nab a2200000 a 4500 |
| 001 |
vtls010059760 |
| 003 |
SK-MaSNL |
| 005 |
20260427043942.0 |
| 008 |
250507c2009 xo |||||||||||000 b|slo |
| 015 |
|
|
|a SNBRB2010/02
|2 snkbucl
|
| 035 |
|
|
|a (uuid)6df30221-d489-4b99-8e9a-e73cad9ff934
|
| 035 |
|
|
|a urn:nbn:sk:snk-ab1h49
|
| 035 |
|
|
|a (urnnbn)urn:nbn:sk:snk:ar-004vme
|
| 038 |
|
|
|a SNKBUCL
|
| 040 |
|
|
|a SNKBUCL
|b slo
|c SNKBUCL
|e AACR2
|
| 041 |
0 |
|
|a slo
|
| 044 |
|
|
|a xo
|c SK
|
| 080 |
|
|
|a 004.4'277.057.3
|2 2001
|
| 080 |
|
|
|a 004.451.9Linux
|2 2001
|
| 100 |
1 |
|
|a Sopko, Marek
|4 aut
|9 75517
|
| 245 |
1 |
0 |
|a Linux súkromne i pracovne
|n XXXIII.
|n II.
|p Výroba skladieb MP3
|c Marek Sopko
|
| 300 |
|
|
|b Obr.
|
| 630 |
0 |
7 |
|a Linux
|2 SNKPH
|9 1422444
|
| 650 |
0 |
7 |
|a operačné systémy
|2 SNKPH
|9 2069
|
| 650 |
0 |
7 |
|a počítačové spracovanie zvuku
|2 snkbucl
|9 82449
|
| 650 |
0 |
7 |
|a MP3 (zvukový formát)
|2 snkbucl
|9 26306
|
| 773 |
0 |
|
|t Infoware
|g Č. 6-7 (2009), s. 51
|x 1335-4787
|
| 850 |
|
|
|a Slovenská národná knižnica
|
| 852 |
|
|
|a Slovenská národná knižnica
|
| 954 |
|
|
|a odborná, vedecká literatúra pôvodná (slovenská)
|2 lita
|
| 958 |
|
|
|a article2022
|
| 958 |
|
|
|a OND
|
| 958 |
|
|
|a EUIPO
|
| 999 |
|
|
|c 2969421
|d 2971351
|